Interaktivní bluetooth

Novinka na trhu interaktívneho marketingu - interaktívny bluetooth. Čo je to interaktívny bluetooth. Možnosť spätnej komunikácie zo strany príjemcu - možnosť reagovať na ponúkané služby, vyhotovenie on-line objednávky, zapojiť sa do súťaže. Primárna cieľová skupina - mladá a stredná veková skupina....

Descripción completa

Guardado en:
Detalles Bibliográficos
Autor principal: Šabacký, David
Formato: Capítulo de libro
Lenguaje:checo
Materias:
Etiquetas: Agregar Etiqueta
Sin Etiquetas, Sea el primero en etiquetar este registro!

MARC

LEADER 00000naa$a2200000$$$4500
001 0090624
005 20231019093704.3
041 0 |a cze 
044 |a CZ 
245 1 0 |a Interaktivní bluetooth  |c David Šabacký 
520 |a Novinka na trhu interaktívneho marketingu - interaktívny bluetooth. Čo je to interaktívny bluetooth. Možnosť spätnej komunikácie zo strany príjemcu - možnosť reagovať na ponúkané služby, vyhotovenie on-line objednávky, zapojiť sa do súťaže. Primárna cieľová skupina - mladá a stredná veková skupina. Prvé kampane s využitím interaktívneho bluetooth pre spoločnosti Plzeňský Prazdroj a Veletrhy Brno. 
610 2 0 |a marketing 
610 2 0 |a telekomunikácie 
610 2 0 |a technológie informačné 
610 2 0 |a technológie komunikačné 
610 2 0 |a služby 
610 2 0 |a ponuka 
610 2 0 |a väzba spätná 
610 2 0 |a zákazníci 
100 1 |a Šabacký, David